Princes and peoples : France and British Isles, 1620-1714 : an anthology of primary sources /

Bibliographic Details
Other Authors: Kekewich, Margaret Lucille, 1939-
Format: Book
Language:English
Published: Manchester ; New York : Manchester University Press in association with the Open University ; [1994]
Subjects:

MARC

Tag First Indicator Second Indicator Subfields
LEADER 00000cam a2200000 a 4500
001 in00001217321
005 20151003060546.0
008 940620s1994 enkab b 001 0 eng
010 |a  94005406  
020 |a 071904572X (hardback) 
020 |a 0719045738 (pbk.) 
035 |a (OCoLC)30739619 
035 |9 AGS1612AM 
040 |a DLC  |c DLC  |d TXA  |d UtOrBLW 
043 |a e-uk---  |a e-fr--- 
049 |a TXAM 
050 0 0 |a DA370  |b .P75 1994 
082 0 0 |a 941.06  |2 20 
245 0 0 |a Princes and peoples :  |b France and British Isles, 1620-1714 : an anthology of primary sources /  |c edited by Margaret Lucille Kekewich. 
264 1 |a Manchester ;  |a New York :  |b Manchester University Press in association with the Open University ;  |c [1994] 
264 2 |a New York :  |b Distributed exclusively in the USA and Canada by St. Martin's Press, 
264 4 |c ©1994 
300 |a xiv, 257 pages :  |b illustrations, maps ;  |c 24 cm. 
336 |a text  |b txt  |2 rdacontent 
337 |a unmediated  |b n  |2 rdamedia 
338 |a volume  |b nc  |2 rdacarrier 
504 |a Includes bibliographical references and index. 
651 0 |a Great Britain  |x Civilization  |y 17th century  |x Sources. 
651 0 |a Great Britain  |x Civilization  |y 18th century  |x Sources. 
651 0 |a France  |x Civilization  |y 17th century  |x Sources. 
651 0 |a France  |x Civilization  |y 18th century  |x Sources. 
700 1 |a Kekewich, Margaret Lucille,  |d 1939- 
999 |a MARS 
999 f f |s 2d073bf5-0abe-3f11-be33-feae21bfd22f  |i d076919c-8cb9-3276-8851-12f15216ae1b  |t 0 
952 f f |p ric  |a Texas A&M University  |b Rellis Campus  |c Joint Library Facility  |d Remote Storage  |t 0  |e DA370 .P75 1994  |h Library of Congress classification  |i unmediated -- volume  |m A14819014746 
998 f f |a DA370 .P75 1994  |t 0  |l Remote Storage